African Women's Unique Vulnerabilities to HIV/AIDS : Communication Perspectives and Promises /

This is an in-depth look at the biomedical, socio-cultural, economic, legal and political, and educational vulnerabilities faced by the population that is most vulnerable to the risk of contracting HIV/AIDS: African women.

Bibliographic Details
Main Author: Fuller, Linda K. (Author)
Corporate Author: SpringerLink (Online service)
Format: eBook
Language:English
Published: New York : Palgrave Macmillan US : Imprint: Palgrave Macmillan, 2008.
Subjects:
Online Access:Connect to the full text of this electronic book

MARC

Tag First Indicator Second Indicator Subfields
LEADER 00000cam a22000005i 4500
001 in00003731442
005 20210728130110.0
006 m o d
007 cr nn 008mamaa
008 151124s2008 xxu| o |||| 0|eng d
020 |a 9780230616202  |9 978-0-230-61620-2 
024 7 |a 10.1057/9780230616202  |2 doi 
035 |a (DE-He213)978-0-230-61620-2 
035 |a 5309266 
040 |d UtOrBLW 
043 |a f------ 
072 7 |a JFC  |2 bicssc 
072 7 |a SOC000000  |2 bisacsh 
082 0 4 |a 306.096  |2 23 
090 |a RA643.86.A35  |b F855 2008 
100 1 |a Fuller, Linda K.,  |e author.  |0 http://id.loc.gov/authorities/names/n78061409 
245 1 0 |a African Women's Unique Vulnerabilities to HIV/AIDS :  |b Communication Perspectives and Promises /  |c by Linda K. Fuller. 
264 1 |a New York :  |b Palgrave Macmillan US :  |b Imprint: Palgrave Macmillan,  |c 2008. 
300 |a 1 online resource (XVII, 309 pages) 
336 |a text  |b txt  |2 rdacontent 
337 |a computer  |b c  |2 rdamedia 
338 |a online resource  |b cr  |2 rdacarrier 
347 |a text file  |b PDF  |2 rda 
500 |a Electronic resource. 
520 |a This is an in-depth look at the biomedical, socio-cultural, economic, legal and political, and educational vulnerabilities faced by the population that is most vulnerable to the risk of contracting HIV/AIDS: African women. 
650 1 4 |a Cultural and Media Studies. 
650 2 4 |a African Culture. 
650 2 4 |a Anthropology. 
650 2 4 |a Development Studies. 
650 2 4 |a Medical Sociology. 
650 2 4 |a Social Structure, Social Inequality. 
650 2 4 |a Sociology, general. 
650 0 |a Anthropology.  |0 http://id.loc.gov/authorities/subjects/sh85005581 
650 0 |a Culture  |x Study and teaching.  |0 http://id.loc.gov/authorities/subjects/sh93005685 
650 0 |a Economic development.  |0 http://id.loc.gov/authorities/subjects/sh85040804 
650 0 |a Equality.  |0 http://id.loc.gov/authorities/subjects/sh85044503 
650 0 |a Ethnology  |z Africa.  |0 http://id.loc.gov/authorities/subjects/sh85045206 
650 0 |a Social medicine.  |0 http://id.loc.gov/authorities/subjects/sh85123973 
650 0 |a Social structure.  |0 http://id.loc.gov/authorities/subjects/sh85124078 
650 0 |a Sociology.  |0 http://id.loc.gov/authorities/subjects/sh85124200 
655 7 |a Electronic books.  |2 local 
710 2 |a SpringerLink (Online service)  |0 http://id.loc.gov/authorities/names/no2005046756 
773 0 |t Springer eBooks 
776 1 8 |i Printed edition:  |z 9781349539581 
856 4 0 |u http://proxy.library.tamu.edu/login?url=https://dx.doi.org/10.1057/9780230616202  |z Connect to the full text of this electronic book  |t 0 
999 f f |s e7fa7536-bb33-322f-964a-8566e0ab60f0  |i 175fd310-ce06-34dd-b09f-819ec79368a5  |t 0 
952 f f |a Texas A&M University  |b College Station  |c Electronic Resources  |d Available Online  |t 0  |e RA643.86.A35 F855 2008  |h Library of Congress classification 
998 f f |a RA643.86.A35 F855 2008  |t 0  |l Available Online